00285 a2200109 450000500170000002000180001708200190003510000190005424500330007326000460010630000230015220250621074703.0 a0-19-655067-X aLM 320.531 NYE aNYERERE, J. K. aUjamaa: Essays on Socialism. aNairobi,bOxford University Press,c1968. aviii, 186p.:c18cm